Periodic Table Elements #5 - Statistics

General Stats
  • This quiz has been taken 4 times
  • The average score is 10 of 15
Answer Stats
Number Element % Correct
4 Beryllium
75%
55 Cesium
75%
24 Chromium
75%
105 Dubnium
75%
99 Einsteinium
75%
32 Germanium
75%
108 Hassium
75%
116 Livermorium
75%
71 Lutetium
75%
40 Zirconium
75%
89 Actinium
50%
77 Iridium
50%
46 Palladium
50%
91 Protactinium
50%
111 Roentgenium
25%
No matching quizzes found
Score Distribution
Percent of People with Each Score
Percentile by Number Answered
Your Score History
You have not taken this quiz